Adriena Šimotová

Bibliographic Details
Main Author: Šetlík, Jiří, 1929- (Author)
Format: Article
Language:Slovak
Subjects:

MARC

LEADER 00000nab a2200000 a 4500
001 vtls000419908
003 SK-MaSNL
005 20260304080925.0
008 250424c1991 xo 0 slo
015 |a SNBRB19rr/mm-uuuuu 
035 |a CL0420036 
035 |a urn:nbn:sk:snk-aba0z 
035 |a (urnnbn)urn:nbn:sk:snk:ar-00556x 
035 |a (uuid)b97ca71b-c575-4852-8126-faea412e95d6 
040 |a SNKBUCL  |b slo  |c SNKBUCL  |e AACR2 
041 0 |a slo 
044 |a xo  |c SK 
080 |a 76.071.1  |2 1981 
080 |a 75.071.1  |2 1981 
080 |a 929 Šimotová, Adriena  |2 1981 
100 1 |a Šetlík, Jiří,  |d 1929-  |4 aut  |9 471602 
245 1 0 |a Adriena Šimotová  |c Jiří Šetlík 
300 |b Fot. 8. 
600 1 7 |a Šimotová, Adriena,  |d 1926-2014  |2 snkbucl  |9 169502 
655 7 |a články z novín a časopisov  |2 snkbucl  |9 267496 
773 0 |t Výtvarný život  |g Roč. 36, č. 2-3 (1991), s. 78-82 
850 |a Slovenská národná knižnica 
852 |a Slovenská národná knižnica 
954 |a odborná, vedecká literatúra cudzojazyčná (svetová)  |2 lita 
958 |a article27 
958 |a OND 
958 |a CZ 
958 |a EUIPO 
992 |a RBX 
999 |c 2788694  |d 2790624